| 000 | 00503pam a2200193 a 4500 | ||
|---|---|---|---|
| 001 | 600100 | ||
| 005 | 20231123003502.0 | ||
| 008 | 911129s1992 enk b 001 0 eng | ||
| 020 | _a0415057779 | ||
| 040 |
_aDLC _cDLC _dDLC |
||
| 082 | 0 | 0 |
_a305.42/0937/6 _220 _bRIC. |
| 100 | 1 | _aBauman, Richard A. | |
| 245 | 1 | 0 |
_aWomen and politics in ancient Rome / _cRichard A. Bauman. |
| 260 |
_aLondon ; _aNew York : _bRoutledge, _c1992. |
||
| 300 | _axvi, 294 p. ; | ||
| 650 | 0 | _aWomen | |
| 650 | 0 | _aWomen | |
| 942 | _cL | ||
| 999 |
_c57 _d57 |
||